Identification of aerobic exercisers, recreational exercisers, dropouts and nonparticipants in an employee fitness program /

Bibliographic Details
Main Author: Olison, Lynn Louise, 1948-
Format: Thesis Microform Book
Language:English
Published: [Place of publication not identified] : [publisher not identified] ; 1982.
Subjects:

MARC

Tag First Indicator Second Indicator Subfields
LEADER 00000cam a2200000 a 4500
001 in00000019365
005 20151007054242.0
007 he bmb|||||||
008 851121r19851982oru bb 00010 eng d
035 |a (OCoLC)12828279 
035 |9 AAB4460AM 
040 |a SDB  |c SDB  |d HPE  |d TXA  |d UtOrBLW 
049 |a TXAI 
099 |a fiche  |a C  |a 9250 
100 1 |a Olison, Lynn Louise,  |d 1948- 
245 1 0 |a Identification of aerobic exercisers, recreational exercisers, dropouts and nonparticipants in an employee fitness program /  |c by Lynn Louise Olison. 
264 1 |a [Place of publication not identified] :  |b [publisher not identified] ;  |c 1982. 
300 |a viii, 94 leaves. 
336 |a text  |b txt  |2 rdacontent 
337 |a microform  |b h  |2 rdamedia 
338 |a microfiche  |b he  |2 rdacarrier 
502 |b Ph. D.  |c Arizona State University  |d 1982. 
500 |a Vita. 
504 |a Bibliography: leaves [81]-88. 
533 |a Microfiche.  |b Eugene :  |c Microform Publications, College of Human Development and Performance, University of Oregon,  |d 1985.  |e 2 microfiches : negative ; 11 x 15 cm. 
500 |a Microform. 
650 0 |a Employee assistance programs. 
650 0 |a Industrial recreation. 
650 0 |a Prediction (Psychology) 
650 0 |a Physical fitness. 
999 |a MARS 
999 f f |s 16a31f77-1266-3e18-a9b0-d1438ba184d2  |i 65145879-443c-3638-a4a3-0356b9c9dc07  |t 0 
952 f f |p normal  |a Texas A&M University  |b College Station  |c Sterling C. Evans Library  |d Evans: Microforms (3rd floor)  |t 0  |e fiche C 9250  |h Other scheme  |i microform -- microfiche  |m A14822855321 
998 f f |a fiche C 9250  |t 0  |l Evans: Microforms (3rd floor)